000 01201nam a22002057a 4500
003 JO-AjAnu
005 20250316120830.0
008 250316b jo ||||| |||| 00| 0 ara d
040 _cJO-AjAnu
041 _hara
100 _aخشاشنة، محمد محمود أمين
_eمعد
_966517
245 _aالاتجاهات نحو تطبيق تكنولوجيا سلسلة الكتل واثرها على تعزيز وظائف إدارة الموارد البشرية في البنوك التجارية الأردنية = Attitudes Towards Blockchain Technology Applications and its Impact on Human Resources Management at Jordanian Commercial Banks
_c/ اعداد محمد محمود أمين خشاشنة ؛ اشراف نضال فواز حسين القضاة
260 _c2025
300 _a105 ورقة
500 _aرسالة جامعية (رسالة ماجستير)/ جامعة عجلون الوطنية (الاردن-عجلون)، كلية الأعمال، قسم ادارة الأعمال، 2025
600 _2ال
650 _vالبنوك-ادارة-ادارة الأفراد-الأردن
700 _aالقضاة، نضال فواز حسين
_964939
_eمشرف
942 _2lcc
_cTHS
_n0
999 _c33901
_d33901